Obsada filmu "Vabank" (1981) - Statystyki

Ogólne statystyki
  • Ten quiz został rozwiązany 22 razy
  • Średni wynik to 8 z 15
Statystyki odpowiedzi
rola Nazwisko aktora % Poprawnych
J.J. Duńczyk Witold Pyrkosz
100%
Henryk Kwinto Jan Machulski
95%
reżyseria Juliusz Machulski
95%
Moks Jacek Chmielnik
76%
Gustaw Kramer Leonard Pietraszak
76%
Nuta Krzysztof Kiersznowski
71%
Marta Rychlińska Ewa Szykulska
62%
Natalia Elżbieta Zającówna
48%
Rożek Henry Bista
33%
Jubiler Leon Niemczyk
29%
asystent Komisarza Przygody Grzegorz Heromiński
19%
Melski Ryszard Kotys
19%
Szpula Włodzimierz Musiał
19%
Komisarz Przygoda Józef Para
10%
Morderca Zdzisław Kużniar
10%
Nie znaleziono quizów pasujących do podanych kryteriów
Rozkład punktacji
Procent ludzi z każdym wynikiem
Percentyl według liczby udzielonych odpowiedzi
Twoja historia wyników
Nie rozwiązałeś tego quizu